00694nam a2200193 a 450000100100000000500170001000800410002702000150006804000250008308200160010810000270012424501070015126000400025830000210029850400730031950400320039270000310042471000450045500000532420200929151637.0090819s1992 sp 000 0 spa d a8486852226 aDO-SdBNPbspacBNPHU axxxxbG958a1 aGuillemard, Anne Marie10aAnálisis de las políticas de vejez en Europa /cAnne Marie Guillemard ; prólogo Manuel Castells. aMadrid, España :bINSERSO,c1992. a200 p. ;c22 cm. aIncluye referencias bibliográficas y notas al pie de las páginas aBibliografía : p. 181-2001 aCastells, Manuel,epról.1 aInstituto Nacional de Servicios Sociales